000 00392pab a2200145 454500
008 180718b2003 xxu||||| |||| 00| 0 eng d
100 _aBeck, Nikolaus
245 _aThe complexity of rule systems, experience and organizational learning
260 _c2003
300 _ap.793-814
650 _aOrganizations
700 _aKieser, Alfred
773 _aOrganization Studies
909 _a56755
999 _c56755
_d56755